Storia mondiale con la lettera L - Statistics

Statistiche generali
  • Questo quiz è stato fatto 537 volte
  • Il punteggio medio è 11 su 16
Statistiche sulle risposte
DOMANDA RISPOSTA % Corretto
La lingua parlata nell'Impero Romano Latino
100%
Ex valuta italiana Lira
99%
Primo presidente dell'Urss Lenin
96%
Signore di Firenze e una della figure chiave del Rinascimento italiano Lorenzo
95%
Colui che ha redatto le 95 tesi appese sulla porta della cattedrale di Wittenberg Lutero
93%
Presidente Usa assassinato a teatro Lincoln
92%
Componente dei Beatles assassinato nel 1980 Lennon
88%
Regione spesso contesa tra Germania e Francia che viene citata in coppia con l'Alsazia Lorena
87%
Re spartano noto per la sua strenua difesa della Grecia nella battaglia delle Termopili Leonida
74%
Nazione africana mai colonizzata dagli europei Liberia
70%
Battaglia tra la Lega Santa e l'Impero Ottomano per il controllo del Mediterraneo (1571) Lepanto
55%
Antico nome con cui era conosciuto il Portogallo Lusitania
43%
La sua capitale è Baton-Rouge, chiamata in onore del re Luigi XIV Louisiana
41%
Nota città egiziana che sorge vicino alle rovine della antica capitale Tebe Luxor
34%
Successore di Carlo Magno Ludovico
31%
Moglie dell'imperatore Augusto Livia
30%
Nessun quiz corrispondente trovato
Distribuzione punteggi
Percentuale di utenti per punteggio
Percentile per numero di risposta
I tuoi punteggi nel tempo
Non hai fatto questo quiz